01360nam a2200181 a 450000100100000000500170001000800410002702000150006804000250008308200190010810000410012724500570016826000430022530000420026850000310031050508000034165100370114100002110020200930011232.0100831s2006 dr acd 000 0 spa d a9993482315 aDO-SdBNPbspacBNPHU a972.93bD671hi1 aDomínguez, Jaime de Jesúsd1947-10aHistoria dominicana /cJaime de Jesús Domínguez. aSanto Domingo :babc editorial,c2006. a287 p. :bil., map., retrs. ;c23 cm. aBibliografía: p. 286-2870 aLos indígenas de La Española -- Colón y el descubrimiento de América -- La factoría colombina -- La insurrección de Roldán -- El Gobierno de Ovando -- Diego Colón. Padres Jerónimos. Enriquillo -- La industria azucarera colonial -- Los negros esclavos -- Las devastaciones de Osorio -- Santo Domingo francés y español -- Las primeras invasiones haitianas -- La era de Francia en Santo Domingo -- La España Boba. Independencia Efímera -- La ocupación haitiana -- La primera república -- La anexión a España -- Julio de 1865. Julio de 1886 -- La Dictadura de Heureaux -- Los inicios del siglo XX -- La primera ocupación estadounidense -- El tercer gobierno de Horacio Vásquez -- La dictadura de Trujillo -- Hacia la democracia representativa -- Bibliografía. 4aRepública DominicanaxHistoria